Vista normal
Vista MARC
Entrada Personal Name
Número de registros utilizados en: 1
001 - CONTROL NUMBER
- control field: 16913
003 - CONTROL NUMBER IDENTIFIER
- control field: DLC
005 - DATE AND TIME OF LATEST TRANSACTION
- control field: 20250328114140.0
008 - FIXED-LENGTH DATA ELEMENTS
- fixed length control field: 051026n| acannaabn |n aaa c
010 ## - LIBRARY OF CONGRESS CONTROL NUMBER
- LC control number: nr2005025629
040 ## - CATALOGING SOURCE
- Original cataloging agency: UPB
- Language of cataloging: spa
- Transcribing agency: Mx-PuUPA
- Modifying agency: Mx-PuUPA
- Description conventions: rda
100 1# - HEADING--PERSONAL NAME
- Personal name: Madrazo, Alicia,
374 ## - OCCUPATION
- Occupation: Autor
375 ## - GENDER
- Gender: mujer
377 ## - ASSOCIATED LANGUAGE
- Language code: spa
670 ## - SOURCE DATA FOUND
- Source citation: Inter-cambio ... 2003:
- Information found: t.p. (Alicia Madrazo)